<?xml version="1.0" encoding="UTF-8"?>
<record
    xmlns:xsi="http://www.w3.org/2001/XMLSchema-instance"
    xsi:schemaLocation="http://www.loc.gov/MARC21/slim http://www.loc.gov/standards/marcxml/schema/MARC21slim.xsd"
    xmlns="http://www.loc.gov/MARC21/slim">

  <leader>00933cam a2200313   4500</leader>
  <datafield tag="999" ind1=" " ind2=" ">
    <subfield code="c">535027</subfield>
    <subfield code="d">535027</subfield>
  </datafield>
  <controlfield tag="001">3685074</controlfield>
  <controlfield tag="003">NUST</controlfield>
  <controlfield tag="005">20200827115231.0</controlfield>
  <controlfield tag="008">700506s1970    nyuac  j b    001 0beng  </controlfield>
  <datafield tag="010" ind1=" " ind2=" ">
    <subfield code="a">   78095640 </subfield>
  </datafield>
  <datafield tag="020" ind1=" " ind2=" ">
    <subfield code="a">0531009440</subfield>
  </datafield>
  <datafield tag="038" ind1=" " ind2=" ">
    <subfield code="a">AZHAR</subfield>
  </datafield>
  <datafield tag="040" ind1=" " ind2=" ">
    <subfield code="a">DLC</subfield>
    <subfield code="c">DLC</subfield>
    <subfield code="d">DLC</subfield>
  </datafield>
  <datafield tag="042" ind1=" " ind2=" ">
    <subfield code="a">lcac</subfield>
  </datafield>
  <datafield tag="050" ind1="0" ind2="0">
    <subfield code="a">ND623.B9</subfield>
    <subfield code="b">S7</subfield>
  </datafield>
  <datafield tag="082" ind1="0" ind2="0">
    <subfield code="a">730/.924</subfield>
    <subfield code="a">B</subfield>
    <subfield code="a">92</subfield>
  </datafield>
  <datafield tag="100" ind1="1" ind2=" ">
    <subfield code="a">Stearns, Monroe.</subfield>
    <subfield code="9">29513</subfield>
  </datafield>
  <datafield tag="245" ind1="1" ind2="0">
    <subfield code="a">Michelangelo.</subfield>
  </datafield>
  <datafield tag="260" ind1=" " ind2=" ">
    <subfield code="a">New York,</subfield>
    <subfield code="b">F. Watts</subfield>
    <subfield code="c">[1970]</subfield>
  </datafield>
  <datafield tag="300" ind1=" " ind2=" ">
    <subfield code="a">x, 246 p.</subfield>
    <subfield code="b">illus., port.</subfield>
    <subfield code="c">25 cm.</subfield>
  </datafield>
  <datafield tag="350" ind1=" " ind2=" ">
    <subfield code="a">5.95</subfield>
  </datafield>
  <datafield tag="490" ind1="0" ind2=" ">
    <subfield code="a">Immortals of art</subfield>
  </datafield>
  <datafield tag="504" ind1=" " ind2=" ">
    <subfield code="a">Bibliography: p. [237]-239.</subfield>
  </datafield>
  <datafield tag="520" ind1=" " ind2=" ">
    <subfield code="a">The life of the Renaissance sculptor, painter, architect, and poet.</subfield>
  </datafield>
  <datafield tag="600" ind1="0" ind2="0">
    <subfield code="a">Michelangelo Buonarroti,</subfield>
    <subfield code="d">1475-1564</subfield>
    <subfield code="x">Juvenile literature.</subfield>
    <subfield code="9">29514</subfield>
  </datafield>
  <datafield tag="600" ind1="0" ind2="1">
    <subfield code="a">Michelangelo Buonarroti,</subfield>
    <subfield code="d">1475-1564.</subfield>
    <subfield code="9">29515</subfield>
  </datafield>
  <datafield tag="906" ind1=" " ind2=" ">
    <subfield code="a">7</subfield>
    <subfield code="b">cbc</subfield>
    <subfield code="c">orignew</subfield>
    <subfield code="d">u</subfield>
    <subfield code="e">ncip</subfield>
    <subfield code="f">19</subfield>
    <subfield code="g">y-gencatlg</subfield>
  </datafield>
  <datafield tag="942" ind1=" " ind2=" ">
    <subfield code="2">ddc</subfield>
    <subfield code="c">BK</subfield>
  </datafield>
  <datafield tag="952" ind1=" " ind2=" ">
    <subfield code="0">0</subfield>
    <subfield code="1">0</subfield>
    <subfield code="2">ddc</subfield>
    <subfield code="4">0</subfield>
    <subfield code="7">0</subfield>
    <subfield code="a">CL</subfield>
    <subfield code="b">CL</subfield>
    <subfield code="c">GEN</subfield>
    <subfield code="d">2020-08-27</subfield>
    <subfield code="e">Donation</subfield>
    <subfield code="l">1</subfield>
    <subfield code="m">3</subfield>
    <subfield code="o">730/.924 STE</subfield>
    <subfield code="p">CL-D-996</subfield>
    <subfield code="r">2022-02-15</subfield>
    <subfield code="s">2021-06-15</subfield>
    <subfield code="w">2020-08-27</subfield>
    <subfield code="y">BK</subfield>
  </datafield>
</record>
